<?xml version="1.0" encoding="UTF-8"?>
<record
    xmlns:xsi="http://www.w3.org/2001/XMLSchema-instance"
    xsi:schemaLocation="http://www.loc.gov/MARC21/slim http://www.loc.gov/standards/marcxml/schema/MARC21slim.xsd"
    xmlns="http://www.loc.gov/MARC21/slim">

  <leader>01123nam a22002657a 4500</leader>
  <controlfield tag="005">20220803144925.0</controlfield>
  <controlfield tag="008">220803s2010    mx a|||f |||| 00| 0 spa d</controlfield>
  <datafield tag="020" ind1=" " ind2=" ">
    <subfield code="a">970-9871-09-9</subfield>
  </datafield>
  <datafield tag="040" ind1=" " ind2=" ">
    <subfield code="c">CHAP</subfield>
  </datafield>
  <datafield tag="082" ind1=" " ind2=" ">
    <subfield code="2">22</subfield>
    <subfield code="a">332.71097247</subfield>
    <subfield code="b">P43</subfield>
  </datafield>
  <datafield tag="100" ind1="1" ind2=" ">
    <subfield code="9">90030</subfield>
    <subfield code="a">P&#xE9;rez S&#xE1;nchez, Alfonso</subfield>
  </datafield>
  <datafield tag="245" ind1=" " ind2=" ">
    <subfield code="a">Financiamiento rural en Tlaxcala :</subfield>
    <subfield code="b">panorama general y alternativas /</subfield>
    <subfield code="c">por Alfonso P&#xE9;rez S&#xE1;nchez, Mar&#xED;a del Refugio Mart&#xED;nez Viera y Celia Hern&#xE1;ndez Cort&#xE9;s.</subfield>
  </datafield>
  <datafield tag="264" ind1=" " ind2=" ">
    <subfield code="a">Tlaxcala, M&#xE9;xico :</subfield>
    <subfield code="b">El Colegio de Tlaxcala ;</subfield>
    <subfield code="b">CONACYT :</subfield>
    <subfield code="b">Gobierno del Estado de Tlaxcala,</subfield>
    <subfield code="c">2005</subfield>
  </datafield>
  <datafield tag="300" ind1=" " ind2=" ">
    <subfield code="a">164 p&#xE1;ginas :</subfield>
    <subfield code="b">mapas, cuadros, gr&#xE1;ficas.</subfield>
  </datafield>
  <datafield tag="336" ind1=" " ind2=" ">
    <subfield code="a">texto</subfield>
    <subfield code="b">txt</subfield>
    <subfield code="2">rdacontenido</subfield>
  </datafield>
  <datafield tag="337" ind1=" " ind2=" ">
    <subfield code="a">sinmedio</subfield>
    <subfield code="b">n</subfield>
    <subfield code="2">rdamedia</subfield>
  </datafield>
  <datafield tag="338" ind1=" " ind2=" ">
    <subfield code="b">volumen</subfield>
    <subfield code="a">nc</subfield>
    <subfield code="2">rdacarrier</subfield>
  </datafield>
  <datafield tag="650" ind1=" " ind2="7">
    <subfield code="9">29083</subfield>
    <subfield code="a">Cr&#xE9;dito agr&#xED;cola</subfield>
    <subfield code="x">Tlaxcala</subfield>
  </datafield>
  <datafield tag="650" ind1=" " ind2="0">
    <subfield code="9">185312</subfield>
    <subfield code="a">Agricultura</subfield>
    <subfield code="z">Tlaxcala</subfield>
    <subfield code="x">Finanzas</subfield>
  </datafield>
  <datafield tag="650" ind1=" " ind2="7">
    <subfield code="9">32029</subfield>
    <subfield code="a">Desarrollo de la comunidad rural</subfield>
    <subfield code="x">Tlaxcala</subfield>
  </datafield>
  <datafield tag="650" ind1=" " ind2="7">
    <subfield code="9">1300</subfield>
    <subfield code="a">Agricultura</subfield>
    <subfield code="x">Aspectos econ&#xF3;micos</subfield>
    <subfield code="x">Tlaxcala</subfield>
  </datafield>
  <datafield tag="700" ind1=" " ind2=" ">
    <subfield code="9">185310</subfield>
    <subfield code="a">Mart&#xED;nez Viera, Mar&#xED;a del Refugio</subfield>
  </datafield>
  <datafield tag="700" ind1=" " ind2=" ">
    <subfield code="9">185311</subfield>
    <subfield code="a">Hern&#xE1;ndez Cort&#xE9;s, Celia</subfield>
  </datafield>
  <datafield tag="942" ind1=" " ind2=" ">
    <subfield code="2">ddc</subfield>
    <subfield code="c">LIBRO</subfield>
  </datafield>
  <datafield tag="999" ind1=" " ind2=" ">
    <subfield code="c">209208</subfield>
    <subfield code="d">209208</subfield>
  </datafield>
  <datafield tag="952" ind1=" " ind2=" ">
    <subfield code="0">0</subfield>
    <subfield code="1">0</subfield>
    <subfield code="2">ddc</subfield>
    <subfield code="4">0</subfield>
    <subfield code="5">2</subfield>
    <subfield code="7">0</subfield>
    <subfield code="8">GRAL</subfield>
    <subfield code="a">BC</subfield>
    <subfield code="b">BC</subfield>
    <subfield code="c">PA_GRAL</subfield>
    <subfield code="d">2022-08-03</subfield>
    <subfield code="l">0</subfield>
    <subfield code="o">332.71097247 P43</subfield>
    <subfield code="p">33724002563512</subfield>
    <subfield code="r">2022-08-03 00:00:00</subfield>
    <subfield code="w">2022-08-03</subfield>
    <subfield code="y">LIBRO</subfield>
  </datafield>
</record>
